Campanya informativa d'horaris comercials : català - àrab català - àrab
Publicado:
Barcelona :
Diputació de Barcelona. Àrea de Promoció Econòmica i Ocupació. Delegació de Comerç ,
2007
Descripción Física:
7 p. : il. col. ; 21 cm
Materias:
Establiments comercials
MARC
| LEADER | 00000nam a2200000Ia 4500 | ||
|---|---|---|---|
| 001 | 19638 | ||
| 008 | 160829s2007 xx 000 0 cat d | ||
| 080 | |a FU-10-2 | ||
| 245 | |a Campanya informativa d'horaris comercials : |b català - àrab | ||
| 260 | |a Barcelona : |b Diputació de Barcelona. Àrea de Promoció Econòmica i Ocupació. Delegació de Comerç, |c 2007 | ||
| 300 | |a 7 p. : |b il. col. ; |c 21 cm | ||
| 590 | |a Text en català i àrab. | ||
| 590 | |a Hi ha un altre exemplar en català - francès amb R. 19639 | ||
| 650 | |a Establiments comercials |9 40106 | ||
| 710 | 1 | |a Barcelona (Catalunya : Província). |b Àrea de Desenvolupament Econòmic i Ocupació |9 51324 | |
| 901 | |a Arxiu | ||
| 942 | |n 1 | ||
| 952 | |0 0 |1 0 |4 0 |6 FU102 |7 1 |9 54631 |a Arxiu |b Arxiu |d 2016-12-01 |l 0 |o FU-10-2 |p 19638 |r 2016-12-01 00:00:00 |w 2016-12-01 |y ARXIU | ||
| 999 | |c 58500 |d 58500 | ||